000
00260nam a2200097Ia 4500
001
851359
005
20250826174454.0
008
250824s9999 xx 000 0 und d
245
0
_a
HASAN SABBAH VE ALAMUT TERÖRÜ
_c
YAŞAR ŞAHİN ANIL
260
_b
PANAMA YAYINLARI
999
_c
851359
_d
851359